000 00393cam a2200157ua 4500
041 _aeng
_h
082 _a621.3692
_bPAL/FI
100 _aPalais, Joseph C .
245 _aFiber optic communication /
_cJoseph C Palais.
_hTextual Documents
250 _a5 /
_b.
260 _a :
_bPearson Education Asia ,
_c2005.
300 _a340 ; .
504 _a
942 _cBK
999 _c13348
_d13348